书目信息 |
| 题名: |
中华人民共和国合同法注释本
|
|
| 作者: | ;法律出版社法规中心 编 | |
| 分册: | ||
| 出版信息: | 北京 法律出版社 2017 |
|
| 页数: | 20,397页 | |
| 开本: | 21cm | |
| 丛书名: | ||
| 单 册: | ||
| 中图分类: | D923.65 | |
| 科图分类: | ||
| 主题词: | 合同法--法律解释--中国 | |
| 电子资源: | ||
| ISBN: | 978-7-5197-0824-5 | |
| 000 | 01102nam0 2200277 450 | |
| 001 | 012001001559 | |
| 005 | 20180925092118.35 | |
| 010 | @a978-7-5197-0824-5@dCNY28.00 | |
| 100 | @a20170802d2017 em y0chiy50 ea | |
| 101 | 0 | @achi |
| 102 | @aCN@b110000 | |
| 105 | @ay zn 000yy | |
| 106 | @ar | |
| 200 | 1 | @a中华人民共和国合同法注释本@9zhong hua ren min gong he guo he tong fa zhu shi ben@dContract law of the People's Republic of China@zeng |
| 205 | @a4版 | |
| 210 | @a北京@c法律出版社@d2017 | |
| 215 | @a20,397页@d21cm | |
| 300 | @a注释本·合同法 法律单行本注释本系列(I) 5 | |
| 314 | @a版权页题:法律出版社法规中心编 | |
| 330 | @a本书内容包括:一般规定、合同的订立、合同的效力、合同的履行、合同的变更和转让、合同的权利义务终止、违约责任、其他规定、买卖合同、赠与合同、借款合同、租赁合同、融资租赁合同等。 | |
| 510 | 1 | @aContract law of the People's Republic of China@zeng |
| 606 | 0 | @a合同法@x法律解释@y中国 |
| 690 | @aD923.65@v5 | |
| 711 | 02 | @a法律出版社法规中心@9fa lv chu ban she fa gui zhong xin@4编 |
| 801 | 0 | @aCN@b上海新华@c20180901 |
| 905 | @b1156610-4@dD923.65@e1912=4@f5 | |
| 中华人民共和国合同法注释本=Contract law of the People's Republic of China.-4版.-北京:法律出版社,2017 |
| 20,397页;21cm |
| 注释本·合同法 法律单行本注释本系列(I) 5 |
| ISBN 978-7-5197-0824-5:CNY28.00 |
| 本书内容包括:一般规定、合同的订立、合同的效力、合同的履行、合同的变更和转让、合同的权利义务终止、违约责任、其他规定、买卖合同、赠与合同、借款合同、租赁合同、融资租赁合同等。 |
| ● |
| 相关链接 |
|
|
|
|
正题名:中华人民共和国合同法注释本
索取号:D923.65/1912=4
 
预约/预借
| 序号 | 登录号 | 条形码 | 馆藏地/架位号 | 状态 | 备注 |
| 1 | 1156610 | 211566107 | 第一样本阅览室/ [索取号:D923.65/1912=4] | 在馆 | |
| 2 | 1156611 | 211566116 | 密集书库-史法系/ [索取号:D923.65/1912=4] | 在馆 | |
| 3 | 1156612 | 211566125 | 第一借阅区/ [索取号:D923.65/1912=4] | 在馆 | |
| 4 | 1156613 | 211566134 | 第一借阅区/ [索取号:D923.65/1912=4] | 在馆 | |
| 5 | 1156614 | 211566143 | 第一借阅区/ [索取号:D923.65/1912=4] | 在馆 |